00994cam a2200265 i 4500003000900000005001700009007000300026008004100029020001800070040003000088082001300118100004000131240002300171245013600194264005200330264002800382300002600410336002700436337003400463338002800497500008700525700004100612700004200653700003300695DO-SdBNP20231012144825.0ta751003s2015 sp 000 0 spa d a9788491050841 aDO-SdBNPbspacBNPHUerda 4bD7242221 aDostoievski, Fiódor M.d1821-18811 aIdiot /lespañol13aEl idiota /cFiódor M. Dostoievski ; introducción Williams Mills Todd III ; traducción José Laín Entralgo, Augusto Vidal  1aMadrid, España :bPenguin clásicos, c2015. 1c2017 2da. reimpresión a824 páginasc19 cm. 2rdacontentatextobtxt 2rdamediaasin mediación bn 2rdacarrieravolumenbnc aIncluye datos biografícos del autor, introductor y traductores en la página 4.1 aMills Todd, Williamseintroducción1 aLaín Entralgo, Joséetraducción1 aVidal, Augustoetraducción